Abbreviation Speedrun - Level 3 - Statistics

General Stats
  • This quiz has been taken 10 times
  • The average score is 7 of 15
Answer Stats
Sentence Abbreviation % Correct
How are you doing? HAYD
100%
Your matter creates air YMCA
100%
The greatest of all time GOAT
89%
Something you have never seen SYHNS
78%
Frogs jump higher in the air FJHIA
67%
Real people can see clouds RPCSC
67%
Put your trash in the bin PYTIB
56%
Have you ever heard of Jetpunk? HYEHJ
44%
Music is a fundamental of life MIAFL
22%
Try the countries of the world quiz! TCWQ
22%
Quick pandas quietly pack quinoa QPQPQ
11%
Abbreviating sentences is fun! ASIF
0%
Bald bears bore the bare bones BBBBB
0%
Campfires cook the best of meats CCBM
0%
CommanderPro rocks at making quizzes CRAMQ
0%
No matching quizzes found
Score Distribution
Percent of People with Each Score
Percentile by Number Answered
Your Score History
You have not taken this quiz